[Event "XVII Festival A"]
[Site "Padova ITA"]
[Date "2014.12.14"]
[Round "1"]
[White "Mileto, Gabriele"]
[Black "Gabuzyan, Hovhannes"]
[WhiteElo "2175"]
[BlackElo "2565"]
[Result "0-1"]
[PlyCount "76"]
[EventDate "2014.12.14"]

1. c4 Nf6 2. g3 c6 3. Bg2 d5 4. Nf3 Bf5 5. cxd5 cxd5 6. Qb3 Qd7 7. Ne5 Qc7 8.
Nc3 Nc6 9. Nxc6 bxc6 10. d4 e6 11. O-O Rb8 12. Qd1 Bd6 13. f3 e5 14. e4 dxe4
15. Nxe4 Bxe4 16. fxe4 exd4 17. Qxd4 O-O 18. Bf4 Bxf4 19. Rxf4 Rfd8 20. Qf2 Qe5
21. Rb1 Rb4 22. b3 Rbd4 23. Re1 h5 24. Rf5 Qe7 25. h3 Rd2 26. Re2 Rxe2 27. Qxe2
g6 28. Rf3 Qe5 29. Qc4 Rd1+ 30. Kh2 h4 31. Qc3 hxg3+ 32. Rxg3 Rd4 33. Kg1 Nxe4
34. Bxe4 Rd1+ 35. Kh2 Qxe4 36. Rg2 Rd3 37. Qc4 Qe5+ 38. Kh1 Rxh3+ 0-1

[Event "XVII Festival A"]
[Site "Padova ITA"]
[Date "2014.12.14"]
[Round "1"]
[White "Movileanu, Daniela"]
[Black "Lajthajm, Borko"]
[WhiteElo "2145"]
[BlackElo "2462"]
[Result "0-1"]
[PlyCount "58"]
[EventDate "2014.12.14"]

1. e4 d6 2. d4 c6 3. Nf3 Nd7 4. Nc3 e5 5. a4 Ngf6 6. Bc4 Be7 7. O-O O-O 8. h3
h6 9. Re1 Re8 10. Be3 Qc7 11. Qe2 exd4 12. Nxd4 Bf8 13. Bf4 Qb6 14. Qd2 a5 15.
Ba2 Nc5 16. e5 dxe5 17. Bxe5 Ncd7 18. Bf4 Rxe1+ 19. Rxe1 Qxb2 20. Rb1 Qa3 21.
Nf5 Nc5 22. Nd6 Be6 23. Bxe6 Nxe6 24. Rb3 Qc5 25. Nxb7 Qc4 26. Be5 Ne4 27. Nxe4
Qxe4 28. Re3 Qxa4 29. Rf3 Qb5 0-1

[Event "XVII Festival A"]
[Site "Padova ITA"]
[Date "2014.12.14"]
[Round "1"]
[White "Palac, Mladen"]
[Black "Damia, Angelo"]
[WhiteElo "2584"]
[BlackElo "2177"]
[Result "1-0"]
[PlyCount "59"]
[EventDate "2014.12.14"]

1. e4 Nf6 2. e5 Nd5 3. d4 d6 4. Nf3 dxe5 5. Nxe5 c6 6. Be2 Nd7 7. Nf3 g6 8. c4
Nc7 9. Nc3 Bg7 10. O-O O-O 11. Bf4 Ne6 12. Be3 Nf6 13. h3 Nh5 14. Qc1 Nxd4 15.
Bxd4 Bxd4 16. Rd1 e5 17. Nxd4 exd4 18. Bxh5 Qh4 19. Ne2 Qxh5 20. Nxd4 c5 21.
Nb5 Be6 22. Qc3 Rfd8 23. Nd6 Qh4 24. Nxb7 Rxd1+ 25. Rxd1 Qe7 26. Nd6 Rd8 27.
Qe5 Qc7 28. Rd2 Qa5 29. b4 Qxb4 30. Nf5 1-0

[Event "XVII Festival A"]
[Site "Padova ITA"]
[Date "2014.12.14"]
[Round "1"]
[White "Santolini, Luigi"]
[Black "Drazic, Sinisa"]
[WhiteElo "2117"]
[BlackElo "2438"]
[Result "1/2-1/2"]
[PlyCount "48"]
[EventDate "2014.12.14"]

1. d4 Nf6 2. c4 c5 3. d5 b5 4. cxb5 a6 5. bxa6 g6 6. Nc3 Bxa6 7. e4 Bxf1 8.
Kxf1 d6 9. h3 Bg7 10. Nge2 O-O 11. Kg1 Nbd7 12. Kh2 Qb6 13. Qc2 Rfb8 14. Rb1
Ne8 15. Be3 Qa6 16. Rhd1 Nc7 17. b3 Qa3 18. Bc1 Qa5 19. a4 Rb7 20. Bd2 Qa7 21.
Be3 Qb8 22. Bg5 Qe8 23. f4 Nb8 24. e5 dxe5 1/2-1/2

[Event "XVII Festival A"]
[Site "Padova ITA"]
[Date "2014.12.14"]
[Round "1"]
[White "Sonis, Francesco"]
[Black "Georgiev, Kiril D."]
[WhiteElo "2206"]
[BlackElo "2628"]
[Result "0-1"]
[PlyCount "96"]
[EventDate "2014.12.14"]

1. e4 c5 2. c3 d5 3. exd5 Qxd5 4. d4 Nf6 5. Nf3 g6 6. Na3 Bg7 7. Nb5 Na6 8.
dxc5 Qxd1+ 9. Kxd1 O-O 10. Be3 Ng4 11. b4 Nxb4 12. Nc7 Rd8+ 13. Nd4 Rb8 14. Rb1
Nc6 15. Kc2 Bxd4 16. cxd4 Bf5+ 17. Bd3 Nxd4+ 18. Bxd4 Rxd4 19. Bxf5 gxf5 20.
Na6 Rbd8 21. Rxb7 Nxf2 22. Rf1 Rd2+ 23. Kb1 Ne4 24. Rc1 Rxg2 25. c6 Rdd2 26. c7
Nd6 27. Nc5 Kg7 28. Rxa7 Rb2+ 29. Ka1 Rbc2 30. Kb1 Rxc1+ 31. Kxc1 Rg4 32. Ra4
Rxa4 33. Nxa4 Nc8 34. Nc3 Kf6 35. Kd2 Ke6 36. Ke3 Kd7 37. Nd5 Kd6 38. Kd4 e5+
39. Kc4 f4 40. Nf6 h6 41. Kd3 Ke6 42. Ng8 h5 43. a4 f5 44. a5 Kf7 45. Nh6+ Kg6
46. Ng8 Kg7 47. Ne7 Nxe7 48. a6 Nc8 0-1

[Event "XVII Festival A"]
[Site "Padova ITA"]
[Date "2014.12.15"]
[Round "2"]
[White "Bove, Alessandro"]
[Black "Palac, Mladen"]
[WhiteElo "2326"]
[BlackElo "2584"]
[Result "0-1"]
[PlyCount "78"]
[EventDate "2014.12.14"]

1. e4 c5 2. Nf3 d6 3. d4 cxd4 4. Nxd4 Nf6 5. Nc3 a6 6. Be2 e6 7. Be3 Be7 8. f4
Qc7 9. g4 h6 10. Qd2 b5 11. Bf3 Bb7 12. Qg2 Nfd7 13. a4 bxa4 14. O-O O-O 15.
Nxa4 Nc6 16. Nb3 a5 17. Rfd1 Ba6 18. Qf2 Rfb8 19. h4 Nb4 20. Rd2 Qd8 21. Nd4
Bxh4 22. Qh2 Rc8 23. c3 Nd3 24. Rad1 N7c5 25. Nxc5 dxc5 26. Nb3 c4 27. Nc5 Be7
28. Nxd3 cxd3 29. e5 Rab8 30. Be4 Qc7 31. Bxd3 Bc5 32. Bxc5 Qxc5+ 33. Qf2 Bxd3
34. Rxd3 Rxb2 35. Qxc5 Rxc5 36. Rd8+ Kh7 37. R8d7 Rxc3 38. Rxf7 Rg3+ 39. Kf1
Rxg4 0-1

[Event "XVII Festival A"]
[Site "Padova ITA"]
[Date "2014.12.15"]
[Round "2"]
[White "Brunello, Marina"]
[Black "Valsecchi, Alessio"]
[WhiteElo "2254"]
[BlackElo "2432"]
[Result "0-1"]
[PlyCount "50"]
[EventDate "2014.12.14"]

1. e4 c6 2. d4 d5 3. e5 c5 4. c4 cxd4 5. Nf3 Bg4 6. cxd5 Qxd5 7. Nc3 Bxf3 8.
Nxd5 Bxd1 9. Nc7+ Kd7 10. Nxa8 Bc2 11. Bd2 Nc6 12. Rc1 d3 13. e6+ fxe6 14. h4
e5 15. Rh3 e4 16. f3 Nf6 17. fxe4 e5 18. Bxd3 Bxd3 19. Rxd3+ Bd6 20. Be3 Rxa8
21. Rcd1 Nxe4 22. Bc5 Nxc5 23. Rxd6+ Kc7 24. R6d5 b6 25. Kf2 Nb4 0-1

[Event "XVII Festival A"]
[Site "Padova ITA"]
[Date "2014.12.15"]
[Round "2"]
[White "Codenotti, Marco"]
[Black "Delchev, Aleksander"]
[WhiteElo "2345"]
[BlackElo "2627"]
[Result "0-1"]
[PlyCount "88"]
[EventDate "2014.12.14"]

1. e4 d5 2. exd5 Qxd5 3. Nc3 Qd8 4. d4 Nf6 5. Nf3 Bg4 6. Be3 e6 7. h3 Bxf3 8.
Qxf3 c6 9. Bd3 Nbd7 10. O-O Bd6 11. Ne4 Nxe4 12. Qxe4 Nf6 13. Qh4 h6 14. Bg5
Be7 15. c3 Nd5 16. Bxe7 Qxe7 17. Qxe7+ Kxe7 18. Be4 Rhd8 19. Rfe1 a5 20. Rad1
a4 21. a3 Nb6 22. Re2 h5 23. f4 g6 24. g4 hxg4 25. hxg4 Rh8 26. Kg2 Rh4 27. Kg3
Rah8 28. Bg2 f5 29. gxf5 gxf5 30. Rde1 Rg4+ 31. Kf2 Rh2 32. Rxe6+ Kd8 33. Re8+
Kc7 34. R8e7+ Kb8 35. Re8+ Ka7 36. Rg1 Nd5 37. Kf1 Rxf4+ 38. Ke1 Rg4 39. Kf1
Nb6 40. Re2 Nc4 41. Kf2 f4 42. Kf3 Rhh4 43. Rh1 Rg3+ 44. Kf2 Rxg2+ 0-1

[Event "XVII Festival A"]
[Site "Padova ITA"]
[Date "2014.12.15"]
[Round "2"]
[White "De Santis, Alessio"]
[Black "Lazic, Miroljub"]
[WhiteElo "2288"]
[BlackElo "2459"]
[Result "1/2-1/2"]
[PlyCount "33"]
[EventDate "2014.12.14"]

1. d4 d6 2. e4 Nf6 3. Nc3 e5 4. dxe5 dxe5 5. Qxd8+ Kxd8 6. Bg5 g6 7. f4 h6 8.
O-O-O+ Ke8 9. Bh4 exf4 10. e5 Nfd7 11. Ne4 Be7 12. Nd6+ Bxd6 13. exd6 Ne5 14.
Re1 f6 15. Nf3 Kd7 16. Nxe5+ fxe5 17. Be7 1/2-1/2

[Event "XVII Festival A"]
[Site "Padova ITA"]
[Date "2014.12.15"]
[Round "2"]
[White "Gabuzyan, Hovhannes"]
[Black "Dragojlovic, Andjelko"]
[WhiteElo "2565"]
[BlackElo "2321"]
[Result "1-0"]
[PlyCount "81"]
[EventDate "2014.12.14"]

1. c4 Nf6 2. Nc3 g6 3. g3 Bg7 4. Bg2 c5 5. e4 Nc6 6. Nge2 d6 7. d3 a6 8. h3 Rb8
9. a4 Bd7 10. O-O e5 11. f4 h6 12. Nd5 Nxd5 13. cxd5 Nd4 14. Nxd4 cxd4 15. f5
Qf6 16. h4 gxf5 17. exf5 Bf8 18. Qh5 Be7 19. Kh2 b5 20. axb5 Bxb5 21. Be4 Rc8
22. Bd2 Kd7 23. Rac1 Bd8 24. b4 Rxc1 25. Rxc1 Qg7 26. Kh3 Bf6 27. Rg1 Ke7 28.
Qd1 h5 29. Qf3 Bd7 30. Ra1 Bb5 31. Rc1 Kd7 32. Be1 Qh7 33. Qd1 Rc8 34. Bd2 Qh8
35. Rxc8 Kxc8 36. Bg5 Bd8 37. Qc1+ Bc7 38. Be7 Kb7 39. Qg5 Bd7 40. Bf6 Qh7 41.
Bxe5 1-0

[Event "XVII Festival A"]
[Site "Padova ITA"]
[Date "2014.12.15"]
[Round "2"]
[White "Georgiev, Kiril D."]
[Black "Borgo, Giulio"]
[WhiteElo "2628"]
[BlackElo "2357"]
[Result "1-0"]
[PlyCount "81"]
[EventDate "2014.12.14"]

1. c4 c6 2. Nf3 d5 3. e3 Nf6 4. Nc3 e6 5. b3 Bd6 6. Bb2 a6 7. d4 b5 8. Bd3 Nbd7
9. O-O O-O 10. Qc2 bxc4 11. bxc4 dxc4 12. Bxc4 c5 13. Rfd1 Qc7 14. Ne4 Nxe4 15.
Qxe4 Rb8 16. Rab1 Rb4 17. dxc5 Qxc5 18. Rdc1 Bb7 19. Qg4 Rxb2 20. Rxb2 Ne5 21.
Nxe5 Qxe5 22. Rbc2 Qxh2+ 23. Kf1 h5 24. Qh3 Qe5 25. Be2 Ba3 26. Rd1 g6 27. Bf3
Qb5+ 28. Kg1 Bc8 29. Qh4 Bd7 30. Rcd2 Be8 31. Qf6 a5 32. g3 Qb6 33. Kg2 Ba4 34.
Rh1 Qb4 35. Rxh5 gxh5 36. Qg5+ Kh7 37. Qxh5+ Kg7 38. Qg5+ Kh7 39. Rd4 Qxd4 40.
exd4 Bb4 41. a3 1-0

[Event "XVII Festival A"]
[Site "Padova ITA"]
[Date "2014.12.15"]
[Round "2"]
[White "Lajthajm, Borko"]
[Black "Vezzosi, Paolo"]
[WhiteElo "2462"]
[BlackElo "2291"]
[Result "1/2-1/2"]
[PlyCount "61"]
[EventDate "2014.12.14"]

1. d4 d5 2. c4 c6 3. Nc3 Nf6 4. Nf3 dxc4 5. a4 Bf5 6. e3 e6 7. Ne5 Nbd7 8. Nxc4
Bb4 9. Be2 O-O 10. O-O Qc7 11. f4 h6 12. Bd2 Rfd8 13. Rc1 a5 14. Qe1 Nb6 15.
Ne5 Bxc3 16. Bxc3 Nxa4 17. g4 Nxc3 18. bxc3 Be4 19. g5 Nh7 20. gxh6 f6 21. Ng4
Kh8 22. Qh4 Rg8 23. hxg7+ Rxg7 24. Kf2 Rag8 25. Rg1 b5 26. Rg3 Qe7 27. Qh5 Bg6
28. Qh4 Be4 29. Qh5 Bg6 30. Qh4 Be4 31. Qh5 1/2-1/2

[Event "XVII Festival A"]
[Site "Padova ITA"]
[Date "2014.12.15"]
[Round "2"]
[White "Lanzani, Mario"]
[Black "Godena, Michele"]
[WhiteElo "2302"]
[BlackElo "2495"]
[Result "1/2-1/2"]
[PlyCount "70"]
[EventDate "2014.12.14"]

1. c4 e6 2. Nf3 d5 3. e3 Nf6 4. Nc3 c5 5. d4 a6 6. a3 dxc4 7. Bxc4 b5 8. Bd3
Bb7 9. dxc5 Bxc5 10. O-O Nbd7 11. b4 Be7 12. Bb2 O-O 13. Qe2 Rc8 14. Rac1 Bxf3
15. gxf3 Ne5 16. Rfd1 Nxd3 17. Qxd3 Qxd3 18. Rxd3 Rc4 19. Ne2 Rxc1+ 20. Nxc1
Nd5 21. Nb3 Rc8 22. Rd2 f6 23. Bd4 Rc4 24. f4 g6 25. Kg2 Kf7 26. Kf3 f5 27. Ke2
h6 28. Kd3 g5 29. fxg5 hxg5 30. h3 Bd6 31. Ke2 Be7 32. Kf3 Bf8 33. Kg2 Be7 34.
Kf3 Bf8 35. Kg2 Be7 1/2-1/2

[Event "XVII Festival A"]
[Site "Padova ITA"]
[Date "2014.12.15"]
[Round "2"]
[White "Moroni, Luca jr"]
[Black "Dvirnyy, Danyyil"]
[WhiteElo "2321"]
[BlackElo "2515"]
[Result "1/2-1/2"]
[PlyCount "71"]
[EventDate "2014.12.14"]

1. c4 c5 2. Nf3 Nc6 3. d4 cxd4 4. Nxd4 g6 5. e4 Nf6 6. Nc3 Nxd4 7. Qxd4 d6 8.
Be2 Bg7 9. Be3 O-O 10. Qd2 a5 11. O-O Bd7 12. Rfd1 Bc6 13. f3 Nd7 14. Rac1 Nc5
15. b3 Qb6 16. Nd5 Bxd5 17. cxd5 Rfc8 18. Rc4 Qd8 19. Rdc1 Qd7 20. Bxc5 Rxc5
21. Rxc5 dxc5 22. Rxc5 Rc8 23. Bb5 Qd8 24. Qe3 Rxc5 25. Qxc5 e5 26. Bc4 Bf8 27.
Qb5 Qc7 28. Kf1 Bd6 29. g3 Kf8 30. Ke2 Ke7 31. h4 h6 32. a4 Kf8 33. Kf1 Ke7 34.
Kf2 Kf8 35. Ke2 Ke7 36. Kf1 1/2-1/2

[Event "XVII Festival A"]
[Site "Padova ITA"]
[Date "2014.12.15"]
[Round "2"]
[White "Naumkin, Igor"]
[Black "Brezovar, Matjaz"]
[WhiteElo "2436"]
[BlackElo "2264"]
[Result "0-1"]
[PlyCount "132"]
[EventDate "2014.12.14"]

1. d4 e6 2. c4 f5 3. g3 Nf6 4. Bg2 d5 5. Nf3 c6 6. O-O Bd6 7. b3 Qe7 8. Bb2 b6
9. Nbd2 O-O 10. Ne5 Bb7 11. Ndf3 a5 12. a4 Na6 13. Nd3 c5 14. Nfe5 Nb4 15. e3
Rac8 16. Nf4 Rfd8 17. Qe2 Ba6 18. Rac1 Ne4 19. Bxe4 dxe4 20. Rcd1 Bxe5 21. dxe5
Nd3 22. Rd2 Nxf4 23. gxf4 Rxd2 24. Qxd2 Rd8 25. Qe2 Rd3 26. Rd1 Qd7 27. Rxd3
exd3 28. Qd1 Bb7 29. Kf1 g6 30. Ke1 d2+ 31. Qxd2 Qxd2+ 32. Kxd2 Kg7 33. f3 Bxf3
34. Bc3 Kh6 35. Kc1 Kh5 36. Be1 Kg4 37. Bg3 h6 38. Kd2 g5 39. Kc1 Kh3 40. fxg5
hxg5 41. Kd2 Kg4 42. Be1 Be4 43. Kd1 Kh3 44. Bg3 Kg2 45. Kd2 Bf3 46. Ke1 Bg4
47. Kd2 Bh5 48. Ke1 Kf3 49. Kd2 Ke4 50. Bf2 Kf3 51. Bg3 Kg4 52. Bf2 Bg6 53. Be1
f4 54. exf4 gxf4 55. h4 Kh3 56. Bf2 Kg4 57. Kd1 Kf5 58. Kd2 Bh5 59. b4 axb4 60.
a5 bxa5 61. Bxc5 Kxe5 62. Bb6 a4 63. Bc7+ Ke4 64. Bd6 f3 65. Ke1 b3 66. Ba3 Kd4
0-1

[Event "XVII Festival A"]
[Site "Padova ITA"]
[Date "2014.12.15"]
[Round "2"]
[White "Rombaldoni, Axel"]
[Black "Boscolo, Federico"]
[WhiteElo "2505"]
[BlackElo "2303"]
[Result "0-1"]
[PlyCount "76"]
[EventDate "2014.12.14"]

1. e4 e6 2. d4 d5 3. e5 c5 4. c3 Nc6 5. Nf3 Bd7 6. Be2 Nge7 7. Na3 cxd4 8. cxd4
Nf5 9. O-O Qb6 10. Nc2 Rc8 11. g4 Nfe7 12. Bd3 Ng6 13. h4 h5 14. gxh5 Rxh5 15.
Ng5 Rxh4 16. Nxf7 Kxf7 17. Qf3+ Kg8 18. Bxg6 Be8 19. Bxe8 Rxe8 20. Bg5 Rh7 21.
Qd3 Qc7 22. Kg2 Qf7 23. Rh1 Rh5 24. f4 Be7 25. Rxh5 Qxh5 26. Rh1 Qg4+ 27. Kf2
Bxg5 28. Qh7+ Kf7 29. fxg5 Qxg5 30. Rg1 Qd2+ 31. Kf3 Rf8 32. Kg4 Nxd4 33. Kh3
Nf5 34. Qh5+ Ke7 35. Rg2 Qd3+ 36. Kh2 Qe4 37. Kg1 Qxe5 38. Qf3 Qxb2 0-1

[Event "XVII Festival A"]
[Site "Padova ITA"]
[Date "2014.12.15"]
[Round "2"]
[White "Vovk, Yuri"]
[Black "Bonafede, Alessandro"]
[WhiteElo "2592"]
[BlackElo "2339"]
[Result "1-0"]
[PlyCount "91"]
[EventDate "2014.12.14"]

1. d4 f5 2. g3 Nf6 3. Bg2 g6 4. Nf3 Bg7 5. O-O O-O 6. b3 d6 7. Bb2 Qe8 8. c4
Na6 9. Qc2 c6 10. Nbd2 Bd7 11. a3 b5 12. Rac1 Rb8 13. b4 Nc7 14. d5 cxd5 15. c5
Ne6 16. cxd6 exd6 17. Qd3 Qf7 18. Nb3 Rbc8 19. Bxf6 Bxf6 20. Qxd5 Rxc1 21. Rxc1
f4 22. Qxd6 fxg3 23. hxg3 g5 24. Nc5 Nxc5 25. Rxc5 Be7 26. Qxd7 Bxc5 27. Qxf7+
Rxf7 28. bxc5 Rc7 29. Nxg5 Rxc5 30. f4 a5 31. Ne6 Rc3 32. Kf2 Rxa3 33. Bd5 b4
34. e4 Kf7 35. e5 Rd3 36. Nc7+ Ke7 37. f5 Kd7 38. Be4 Rd2+ 39. Ke3 Rd1 40. Na6
Rc1 41. Kd4 Rd1+ 42. Kc4 Rg1 43. Nc5+ Ke8 44. f6 Rxg3 45. e6 Rg4 46. Kb5 1-0

[Event "XVII Festival A"]
[Site "Padova ITA"]
[Date "2014.12.16"]
[Round "3"]
[White "Aghayev, Miragha"]
[Black "De Santis, Alessio"]
[WhiteElo "2372"]
[BlackElo "2288"]
[Result "0-1"]
[PlyCount "62"]
[EventDate "2014.12.14"]

1. e4 b6 2. d4 Bb7 3. Bd3 Nf6 4. Qe2 Nc6 5. c3 e5 6. Nf3 d6 7. O-O Be7 8. d5
Nb8 9. c4 a5 10. Nc3 O-O 11. Be3 Bc8 12. h3 Nbd7 13. Nd2 g6 14. Bh6 Re8 15. g4
Kh8 16. Bc2 g5 17. Bxg5 Nxd5 18. exd5 Bxg5 19. Nde4 Bh6 20. Qf3 Qe7 21. Ng3 Nf8
22. h4 Qxh4 23. Nf5 Bxf5 24. Qxf5 Ng6 25. Ne2 Bf4 26. Qh5 Qxh5 27. gxh5 Nh4 28.
Ng3 Nf3+ 29. Kg2 Nd4 30. Be4 Rg8 31. Kh3 Rg5 0-1

[Event "XVII Festival A"]
[Site "Padova ITA"]
[Date "2014.12.16"]
[Round "3"]
[White "Boscolo, Federico"]
[Black "Vovk, Yuri"]
[WhiteElo "2303"]
[BlackElo "2592"]
[Result "0-1"]
[PlyCount "78"]
[EventDate "2014.12.14"]

1. e4 c5 2. Nf3 e6 3. c3 Nf6 4. e5 Nd5 5. d4 cxd4 6. cxd4 b6 7. Bd3 Ba6 8. O-O
Be7 9. Nc3 Nxc3 10. bxc3 Qc8 11. Bg5 Nc6 12. Re1 h6 13. Bxe7 Nxe7 14. c4 O-O
15. Rc1 Bb7 16. Bb1 f5 17. exf6 Rxf6 18. d5 Qc5 19. Qc2 Ng6 20. Re4 exd5 21.
Rg4 Nf8 22. Qb2 Qe7 23. Nd4 Re8 24. h4 Qe5 25. Rc3 Rf4 26. Re3 Rxg4 27. Rxe5
Rxe5 28. f3 Re1+ 29. Kf2 Rxb1 30. Qxb1 Rxd4 31. c5 Bc6 32. cxb6 axb6 33. Qxb6
Rd2+ 34. Ke3 Rxg2 35. Qa7 Ne6 36. f4 d4+ 37. Kd3 Bb5+ 38. Ke4 Re2+ 39. Kd5 d3
0-1

[Event "XVII Festival A"]
[Site "Padova ITA"]
[Date "2014.12.16"]
[Round "3"]
[White "Bruno, Fabio"]
[Black "Massironi, Marco"]
[WhiteElo "2437"]
[BlackElo "2236"]
[Result "1/2-1/2"]
[PlyCount "61"]
[EventDate "2014.12.14"]

1. d4 Nf6 2. Nf3 g6 3. c3 Bg7 4. Bg5 Ne4 5. Bh4 c5 6. e3 Qb6 7. Nbd2 d5 8. Nxe4
dxe4 9. Nd2 cxd4 10. Nc4 Qc7 11. Bg3 Qd8 12. cxd4 O-O 13. Be2 Nc6 14. O-O Be6
15. Qb1 Bd5 16. b4 Rc8 17. Rc1 f5 18. b5 Nxd4 19. exd4 f4 20. Ne5 fxg3 21. hxg3
Rxc1+ 22. Qxc1 Qb6 23. Qf1 e3 24. f4 Rc8 25. Rc1 Rxc1 26. Qxc1 Bxe5 27. dxe5
Bxa2 28. Qc8+ Kg7 29. Qd7 Qc5 30. Kh2 Bd5 31. f5 1/2-1/2

[Event "XVII Festival A"]
[Site "Padova ITA"]
[Date "2014.12.16"]
[Round "3"]
[White "Delchev, Aleksander"]
[Black "Gabuzyan, Hovhannes"]
[WhiteElo "2627"]
[BlackElo "2565"]
[Result "1/2-1/2"]
[PlyCount "89"]
[EventDate "2014.12.14"]

1. e4 c5 2. Nf3 d6 3. d4 cxd4 4. Nxd4 Nf6 5. Nc3 a6 6. Bc4 e6 7. Bb3 Nbd7 8.
Bg5 Nc5 9. f4 Be7 10. Qf3 h6 11. Bh4 Qa5 12. O-O-O g5 13. Be1 gxf4 14. Nd5 Qd8
15. Nxe7 Qxe7 16. Bh4 e5 17. Nf5 Bxf5 18. exf5 Rg8 19. g3 Rg5 20. Bxg5 hxg5 21.
gxf4 gxf4 22. Rhe1 Rc8 23. Kb1 b5 24. Bd5 b4 25. Rd4 Kd8 26. Bc4 a5 27. Qd1 Kc7
28. Rxf4 d5 29. Bf1 Nce4 30. Rfxe4 dxe4 31. Bg2 Rd8 32. Qc1 Qd7 33. Bxe4 Nxe4
34. Rxe4 Qxf5 35. Rc4+ Kb8 36. Qg1 Qg6 37. Rg4 Qd6 38. Rg8 Kb7 39. Qg2+ Qd5 40.
Kc1 Qxg2 41. Rxg2 Kc6 42. Rf2 Rf8 43. h4 f5 44. h5 f4 45. h6 1/2-1/2

[Event "XVII Festival A"]
[Site "Padova ITA"]
[Date "2014.12.16"]
[Round "3"]
[White "Dimitrijeski, Boris"]
[Black "Lajthajm, Borko"]
[WhiteElo "2251"]
[BlackElo "2462"]
[Result "0-1"]
[PlyCount "86"]
[EventDate "2014.12.14"]

1. d4 Nf6 2. c4 e6 3. g3 Bb4+ 4. Bd2 Qe7 5. Nf3 Ne4 6. a3 Bxd2+ 7. Nbxd2 f5 8.
Qc2 Nxd2 9. Nxd2 d6 10. Bg2 O-O 11. O-O a5 12. b4 e5 13. d5 Nd7 14. Nb3 a4 15.
Na5 Qf6 16. Rac1 e4 17. Qd2 Ne5 18. c5 dxc5 19. bxc5 Qa6 20. Qd4 Nf7 21. Nc4
Rd8 22. Rfd1 Bd7 23. Bf1 Bb5 24. Ne5 Qf6 25. Nxf7 Qxf7 26. e3 Bxf1 27. Kxf1 c6
28. d6 Ra5 29. Qe5 b5 30. Rd4 Ra7 31. Rcd1 Re8 32. Qf4 Rd7 33. R1d2 g6 34. g4
Qf6 35. Ke2 Re5 36. Rc2 g5 37. Qg3 f4 38. Qh3 Qe6 39. exf4 gxf4 40. Qh4 Qb3 41.
Rcd2 Rxc5 42. Rxe4 f3+ 43. Kf1 Rc1+ 0-1

[Event "XVII Festival A"]
[Site "Padova ITA"]
[Date "2014.12.16"]
[Round "3"]
[White "Dvirnyy, Danyyil"]
[Black "Lanzani, Mario"]
[WhiteElo "2515"]
[BlackElo "2302"]
[Result "1-0"]
[PlyCount "83"]
[EventDate "2014.12.14"]

1. Nf3 d5 2. g3 c6 3. c4 Nf6 4. Bg2 Bg4 5. Ne5 Be6 6. cxd5 Bxd5 7. Nf3 g6 8.
Nc3 Bg7 9. O-O O-O 10. d3 Be6 11. e4 Qc8 12. d4 Bh3 13. Qb3 Bxg2 14. Kxg2 Na6
15. Bg5 Nc7 16. Rac1 Ne6 17. Bxf6 Bxf6 18. e5 Bg7 19. h3 Qd7 20. Rfd1 b6 21. d5
Nc5 22. Qc4 a5 23. Na4 cxd5 24. Nxc5 bxc5 25. Rxd5 Qb7 26. Rc2 Rfc8 27. Rxc5
Rxc5 28. Qxc5 a4 29. Qd4 h5 30. a3 e6 31. h4 Kh7 32. Rc4 Ra5 33. Qd8 Rxe5 34.
Rc7 Qd5 35. Rd7 Qe4 36. Rxf7 Rf5 37. Rxf5 exf5 38. Qc7 Kg8 39. b4 axb3 40. Qb8+
Kh7 41. Qxb3 f4 42. Qe6 1-0

[Event "XVII Festival A"]
[Site "Padova ITA"]
[Date "2014.12.16"]
[Round "3"]
[White "Godena, Michele"]
[Black "Moroni, Luca jr"]
[WhiteElo "2495"]
[BlackElo "2321"]
[Result "1-0"]
[PlyCount "73"]
[EventDate "2014.12.14"]

1. e4 e6 2. d4 d5 3. Nd2 Nc6 4. Ngf3 Nf6 5. e5 Nd7 6. Nb3 f6 7. Bb5 fxe5 8.
dxe5 Nc5 9. Nfd4 Bd7 10. Bxc6 bxc6 11. Qh5+ g6 12. Qg4 Nxb3 13. axb3 c5 14. Nf3
Bg7 15. Ra5 Qb8 16. Rxc5 Bf8 17. Rc3 Bb4 18. O-O Bxc3 19. bxc3 Qb6 20. Bg5 c5
21. Bf6 Rf8 22. Qh4 h5 23. Qg5 Bb5 24. Qxg6+ Kd7 25. c4 Ba6 26. cxd5 exd5 27.
Rd1 d4 28. Qg7+ Kc6 29. e6 Kb5 30. Qg5 Kc6 31. Ne5+ Kb5 32. Nd7 Qc6 33. Nxf8
Rxf8 34. e7 Re8 35. Rxd4 Bb7 36. c4+ Kb6 37. Rd8 1-0

[Event "XVII Festival A"]
[Site "Padova ITA"]
[Date "2014.12.16"]
[Round "3"]
[White "Lazic, Miroljub"]
[Black "Vezzosi, Paolo"]
[WhiteElo "2459"]
[BlackElo "2291"]
[Result "1/2-1/2"]
[PlyCount "46"]
[EventDate "2014.12.14"]

1. g3 e5 2. c4 Nf6 3. Bg2 Nc6 4. Nc3 Bb4 5. Qc2 O-O 6. Nf3 Re8 7. a3 Bxc3 8.
Qxc3 d5 9. cxd5 Nxd5 10. Qc5 e4 11. Nd4 Nxd4 12. Qxd4 Nf4 13. Qxd8 Nxg2+ 14.
Kf1 Ne3+ 15. dxe3 Rxd8 16. Ke1 a5 17. Bd2 c5 18. f3 b6 19. Rf1 Bb7 20. fxe4
Bxe4 21. g4 f6 22. Rf4 Re8 23. Rc1 a4 1/2-1/2

[Event "XVII Festival A"]
[Site "Padova ITA"]
[Date "2014.12.16"]
[Round "3"]
[White "Palac, Mladen"]
[Black "Brezovar, Matjaz"]
[WhiteElo "2584"]
[BlackElo "2264"]
[Result "1/2-1/2"]
[PlyCount "120"]
[EventDate "2014.12.14"]

1. e4 e6 2. d4 d5 3. Nc3 Nf6 4. Bg5 Bb4 5. exd5 Qxd5 6. Bxf6 Bxc3+ 7. bxc3 gxf6
8. Qd2 e5 9. dxe5 Qe4+ 10. Be2 Be6 11. exf6 Nc6 12. Nf3 Rg8 13. g3 Ne5 14. Qe3
Qxe3 15. fxe3 Ng4 16. Nd4 Nxf6 17. O-O Ke7 18. Rab1 Rab8 19. Nf5+ Bxf5 20. Rxf5
Nd7 21. Rb4 Rg7 22. Ra5 a6 23. Bf3 c6 24. Bg4 Nf6 25. Bf3 Nd7 26. Bg4 Nf6 27.
Bh3 Nd5 28. Rb3 Rgg8 29. c4 Nc7 30. Rh5 Rh8 31. c5 Ne6 32. Kf2 h6 33. Bxe6 Kxe6
34. Rb4 f6 35. Ke2 Kf7 36. Rhh4 h5 37. Rhd4 Kg6 38. Rd7 Rh7 39. Rxh7 Kxh7 40.
Kf3 Kg6 41. Kf4 a5 42. Rb3 Re8 43. Ra3 Re5 44. Rxa5 b6 45. Ra6 Rxc5 46. Rxb6
Rxc2 47. a4 Rc4+ 48. Kf3 Rxa4 49. Rxc6 Ra5 50. e4 Rb5 51. h3 Rb3+ 52. Kf4 Rb4
53. Rd6 Ra4 54. g4 hxg4 55. hxg4 Ra5 56. Re6 Kf7 57. Rd6 Kg6 58. Rc6 Rb5 59.
Rc7 Rb1 60. Rc6 Rb5 1/2-1/2

[Event "XVII Festival A"]
[Site "Padova ITA"]
[Date "2014.12.16"]
[Round "3"]
[White "Pescatore, Lorenzo"]
[Black "Laketic, Gojko"]
[WhiteElo "2234"]
[BlackElo "2389"]
[Result "1/2-1/2"]
[PlyCount "34"]
[EventDate "2014.12.14"]

1. e4 d6 2. d4 Nf6 3. Nc3 e5 4. Nf3 Nbd7 5. g4 g6 6. g5 Nh5 7. Be3 Bg7 8. Qd2
O-O 9. O-O-O c6 10. dxe5 dxe5 11. Bh3 Qa5 12. Qd6 Nb6 13. Bxc8 Rfxc8 14. Qc5
Qxc5 15. Bxc5 Re8 16. b3 Bf8 17. Be3 Ba3+ 1/2-1/2

[Event "XVII Festival A"]
[Site "Padova ITA"]
[Date "2014.12.16"]
[Round "3"]
[White "Sumets, Andrey"]
[Black "Basso, Pier Luigi"]
[WhiteElo "2578"]
[BlackElo "2359"]
[Result "1-0"]
[PlyCount "91"]
[EventDate "2014.12.14"]

1. Nf3 Nf6 2. c4 e6 3. b3 c5 4. Bb2 Be7 5. g3 b6 6. Bg2 Bb7 7. O-O O-O 8. e3
Nc6 9. d4 cxd4 10. Nxd4 Qb8 11. Nf3 Rd8 12. Qe2 d5 13. Nbd2 dxc4 14. Nxc4 b5
15. Ncd2 a6 16. Rfc1 Qa7 17. a4 bxa4 18. Rxa4 Rac8 19. Nc4 Nd7 20. Nd4 Nxd4 21.
Bxd4 Qa8 22. Bf1 e5 23. Bb2 f6 24. Ba3 Bxa3 25. Rxa3 Rc7 26. Nb6 Qb8 27. Rxc7
Qxc7 28. Qc4+ Qxc4 29. Bxc4+ Kf8 30. Bxa6 Bxa6 31. Nxd7+ Rxd7 32. Rxa6 Rb7 33.
Ra3 Ke7 34. Kf1 Kd6 35. Ke2 Kc5 36. Kd3 Kb4 37. Ra1 Rc7 38. h4 f5 39. e4 g6 40.
Ra8 Rc3+ 41. Kd2 Rxb3 42. Rb8+ Kc4 43. Rxb3 Kxb3 44. f4 Kc4 45. fxe5 Kc5 46.
Ke3 1-0

[Event "XVII Festival A"]
[Site "Padova ITA"]
[Date "2014.12.16"]
[Round "3"]
[White "Valsecchi, Alessio"]
[Black "Georgiev, Kiril D."]
[WhiteElo "2432"]
[BlackElo "2628"]
[Result "1/2-1/2"]
[PlyCount "46"]
[EventDate "2014.12.14"]

1. e4 c5 2. Nf3 d6 3. d4 Nf6 4. Nc3 cxd4 5. Nxd4 a6 6. Bg5 Nbd7 7. Bc4 e6 8.
Qe2 Qa5 9. f4 Be7 10. O-O-O h6 11. h4 Nf8 12. Bxf6 gxf6 13. f5 h5 14. Rhe1 Qe5
15. Kb1 Bd7 16. Nf3 Qc5 17. Rd4 b5 18. Bb3 Ra7 19. Rd2 Rc7 20. Nd4 Qe5 21. Nf3
Qc5 22. Nd4 Qe5 23. Nf3 Qc5 1/2-1/2